| 000 | 00481nam a22001577a 4500 | ||
|---|---|---|---|
| 999 |
_c18017 _d18017 |
||
| 008 | 191112b xxu||||| |||| 00| 0 eng d | ||
| 020 | _a0133558924 | ||
| 050 |
_aHB141 _b.H37 1995 C.1 |
||
| 100 | _aHarris, Richard I.D. | ||
| 245 |
_aUsing Cointegration Analysis in Econometric Modelling _cRichard I.D. Harris |
||
| 260 |
_aLondon _bPearson Education _c1995 |
||
| 300 | _aix, 176p. | ||
| 650 | _aEconometric Models | ||
| 650 |
_aEconomics _vstatistical methods |
||
| 942 |
_2lcc _cBK |
||